Interdisciplinary research on homosexuality in the Netherlands /

Salvato in:
Dettagli Bibliografici
Altri autori: Van Naerssen, A. X.
Natura: Libro
Lingua:inglese
Pubblicazione: New York Haworth Press 1987
Serie:Journal of Homosexuality vol. 13, n. 2/3.
Tags: Aggiungi Tag
Nessun Tag, puoi essere il primo ad aggiungerne!!

MARC

LEADER 00000nam a2200000 4500
001 CDOM0000001099
003 mi
005 20251006173304.0
008 251006b |||||||| |||| 00| 0 eng d
040 |c mi 
245 |a Interdisciplinary research on homosexuality in the Netherlands /  |c Editor Van Naerssen 
260 |a New York  |b Haworth Press  |c 1987 
490 |a Journal of Homosexuality  |v vol. 13, n. 2/3.  |x 0091-8369 
500 |a Numero monografico di: Journal of Homosexuality, vol. 13, n. 2/3 (1987). 
700 |a Van Naerssen, A. X. 
942 |2 ddc  |c CR  |n 0 
952 |0 0  |1 0  |2 ddc  |4 0  |6 B_JHOM  |7 1  |9 9688  |a MI  |b MI  |d 2005-08-18  |h vol. 13, n. 2/3 (1987)  |i P-5/1987-13.2/3-1  |l 0  |o B-JHOM  |p CDOMP-5/1987-13.2/3-  |r 2025-10-06 17:34:00  |w 2025-10-06  |y CR  |z Acquisto 
999 |c 8066  |d 8066